| 000 | 00573nam a2200169Ia 4500 | ||
|---|---|---|---|
| 008 | 140925s9999 xx 000 0 und d | ||
| 020 | _a1983-3288 | ||
| 245 |
_aPsychology and Neuroscience / _h[electronic resource] |
||
| 260 | _bPontificia Universidade Católica do Rio de Janeiro, | ||
| 516 | _aElectronic text | ||
| 650 | _aNeuroscience. | ||
| 650 | _aPsychology. | ||
| 830 | _aPontificia Universidade Católica do Rio de Janeiro | ||
| 856 | _uhttp://www.scielo.br/scielo.php?script=sci_serial&pid=1983-3288&lng=en&nrm=iso | ||
| 942 | _cEJ | ||
| 999 |
_c275632 _d275632 |
||